00626cam a22002051 450000100060000000300080000600500170001400800390003103500190007003500190008904000410010804100080014908200180015710000340017524500620020925000130027126000750028430000240035960000370038317703BD-RjUL20211209000159.0140217s19621952xx 000 0 eng a(BD-RjUL)17761 a(OCoLC)2511773 aDLCcNmLcUdOCoLCdOAkdUkdDLCbeng aeng a822bFRF 19621 aFry, Christopher,d1907-2005.14aThe firstborn :ba play in three acts /c Christopher fri a3rd. ed. aLondon :aNew York :bOxford University Presscc1952.[reprinting 1962] axi, 90 p. ;c19 cm.00aMosesc(Biblical leader)xDrama.